| 000 | 00807 a2200217 4500 | ||
|---|---|---|---|
| 001 | 3778 | ||
| 005 | 20260407155430.0 | ||
| 008 | 260407a1997 arg spa d | ||
| 003 | AR-UNSa-BCEJYS | ||
| 040 |
_aAR-UNSa-BCEJYS _bspa _cAR-UNSa-BCEJYS |
||
| 080 |
_a330.101.541 _xMacroeconomía |
||
| 245 | 1 | 0 | _aMacroeconomía |
| 264 | 1 |
_aMadrid : _bPrentice Hall _c1997 |
|
| 300 |
_axxiv, 648 p. _c25 cm. |
||
| 505 | _a1. Introducción - 2. Los fundamentos - 3. Las expectativas - 4. La economía abierta - 5. El lado de la oferta - 6. Patologías - 7. El largo plazo - 8. El cambio y la transición - 9. la política económica - 10. Epílogo | ||
| 942 | _cBK | ||
| 590 | _aniveau_biblio:m niveau_hierar:0 | ||
| 100 | 1 | _aBlanchard, Olivier | |
| 700 | 1 | _aRabasco, María Esther | |
| 700 | 1 | _aToharia Cortés, Luis | |
| 999 |
_c363 _d363 |
||